Evolution and behaviour (Record no. 85123)
[ view plain ]
| 000 -LEADER | |
|---|---|
| fixed length control field | 01128nam a2200313 a 4500 |
| 100 1# - MAIN ENTRY--AUTHOR NAME | |
| Personal name | Mathur, Reena. |
| 245 10 - TITLE STATEMENT | |
| Title | Evolution and behaviour |
| 260 ## - PUBLICATION, DISTRIBUTION, ETC. (IMPRINT) | |
| Place of publication | Meerut [India] : |
| Name of publisher | Rastogi Publications, |
| Year of publication | 2008. |
| 300 ## - PHYSICAL DESCRIPTION | |
| Number of Pages | 279 p. : |
| Other physical details | ill. |
| 505 0# - FORMATTED CONTENTS NOTE | |
| Formatted contents note | Evolution -- Animal behaviour. |
| 650 #0 - SUBJECT ADDED ENTRY--TOPICAL TERM | |
| Topical Term | Evolution. |
| Topical Term | Animal behavior. |
| 700 1# - ADDED ENTRY--PERSONAL NAME | |
| Personal name | Tomar, B. S., |
| Personal name | Singh, S. P. |
| 856 40 - ELECTRONIC LOCATION AND ACCESS | |
| Uniform Resource Identifier | http://site.ebrary.com/lib/rucke/Doc?id=10417234 |
No items available.
